Ceny, dane, arbitráž, portfólio a chaos

Gespeichert in:
Bibliographische Detailangaben
1. Verfasser: Buranský, Ondrej (Verfasst von)
Weitere Verfasser: Zajac, Jaroslav, 1953- (Betreuung Doktorarbeit)
Format: Manuskript Buch
Sprache:Slowakisch
Veröffentlicht: Bratislava : STU v Bratislave FEI, 2005
Schlagworte:
Tags: Tag hinzufügen
Keine Tags, Fügen Sie das erste Tag hinzu!

MARC

LEADER 00000ntm a22000003a 4500
001 stu95401
005 20160719165000.1
008 050825s2005----xo------------------slo-d
040 |a STU  |b slo 
041 0 |a slo 
044 |a xo 
100 1 |a Buranský, Ondrej  |4 aut 
245 1 |a Ceny, dane, arbitráž, portfólio a chaos 
260 |a Bratislava :  |b STU v Bratislave FEI,  |c 2005 
300 |a 69 s 
650 7 |a Telekomunikácie  |2 stusub 
650 7 |a ekonomika  |2 stusub 
650 7 |a chaos  |2 stusub 
700 1 |a Zajac, Jaroslav,  |d 1953-  |4 ths  |u E010  |T FEI Ústav riadenia a priemyselnej informatiky  |X 4951  |U E010  |Y E010  |7 A000004951